| 000 | 00805nam a2200217 i 4500 | ||
|---|---|---|---|
| 999 |
_c7395 _d7395 |
||
| 003 | OSt | ||
| 005 | 20211116130343.0 | ||
| 008 | 100125s2008 sp d 000 0 spa d | ||
| 020 | _z9788498763775 | ||
| 040 |
_aCDMR _c0 _bcat |
||
| 080 | _a343.9(460) | ||
| 080 | _a316.77(460) | ||
| 245 | 0 | 0 |
_aMalas noticias, medios de comunicación social, política criminal y garantías penales en España / _cDirectores: Mercedes García Arán, Joan Botella Corral ; autores: Mercedes García Arán ... [et al.]. |
| 260 |
_bTirant lo Blanch: _aValencia, _c2008 |
||
| 300 | _a237 pàgines | ||
| 490 | 1 |
_aTirant Monografías ; _v609 |
|
| 650 | 0 |
_aDelicte en els mitjans de comunicació de massa _zEspanya _94196 |
|
| 700 |
_aGarcía Arán, Mercedes _edir _94695 |
||
| 700 | 1 |
_aBotella, Joan, _edir |
|
| 942 |
_2udc _cMON |
||